Don Alberto Blest Gana: biografía y crítica

Gorde:
Xehetasun bibliografikoak
Egile nagusia: Alone (Egilea)
Formatua: Liburua
Hizkuntza:gaztelania
Argitaratua: Santiago Nascimento 1940
Edizioa:1a. ed
Gaiak:
Etiketak: Etiketa erantsi
Etiketarik gabe, Izan zaitez lehena erregistro honi etiketa jartzen!

MARC

LEADER 00000cam a2200000 a 4500
001 UCE4908
003 CL-VaPUC
008 141120e19400000cl |||||||||||||||||spa|d
082 0 4 |a Ch860.92  |b ALO  |2 21 
100 0 |a Alone  |e author  |9 346606 
245 1 0 |a Don Alberto Blest Gana: biografía y crítica 
250 |a 1a. ed 
300 |a 338 p 
942 |c BK 
945 |d 20141120 11:52:00  |a dcastane 
260 |a Santiago  |b Nascimento  |c 1940 
650 0 |a Literatura chilena   |9 308278 
650 0 |a Crítica e interpretación   |9 255042 
650 0 |a Biografías  |9 255210 
650 0 |a Escritores chilenos   |9 420370 
583 |a last modification  |c 20141120 11:52:00  |k Rodrigo Vera 
999 |c 357764  |d 357762 
952 |0 0  |1 0  |3 erb  |4 0  |6 CH_860_920000000000000_ALO_1940  |7 0  |8 X  |9 465823  |a FDOBUD  |b FDOBUD  |i 510758K  |o Ch860.92 ALO 1940  |p 510758K  |r 2019-11-23  |w 2019-11-23  |y BK_X  |z Catalogado en:20141120  |k BUD